000
00338nam a2200133Ia 4500
008
220216s9999 xx 000 0 und d
100
_a
Deka H K
245
0
_a
Some important terminologies in agriculture sector
260
_b
Rubber Sangbad
_c
2014
300
_a
15
650
_a
Agriculture sector
700
_a
Choudhury M
942
_c
BS
999
_c
51289
_d
51289